[Event "Zagreb Damjanovic Memorial 3rd"]
[Site "Zagreb"]
[Date "2019.11.11"]
[Round "3"]
[White "Pandurevic, Miro"]
[Black "Gavran, Marinko"]
[Result "1-0"]
[WhiteElo "2186"]
[BlackElo "2090"]
[PlyCount "73"]
[EventDate "2019.11.09"]
[EventType "swiss"]
[EventRounds "9"]
[EventCountry "CRO"]
[SourceTitle "CBM 193 Extra"]
[Source "ChessBase"]
[SourceDate "2020.01.31"]
[SourceVersion "1"]
[SourceVersionDate "2020.01.31"]
[SourceQuality "1"]

1. Nf3 d5 2. c4 c6 3. e3 Nf6 4. Nc3 e6 5. a3 Nbd7 6. b4 Bd6 7. Bb2 0-0 8. Qc2 b6 9. cxd5 cxd5 10. Nb5 Be7 11. Rc1 Ba6 12. Nfd4 Bxb5 13. Bxb5 Bd6 14. Nc6 Qe8 15. Ba6 Ne4 16. d3 Nec5 17. bxc5 Nxc5 18. Nb4 Nxa6 19. Nxa6 Qb5 20. Qc3 f6 21. Nb4 d4 22. Qc4 Qf5 23. Nc6 dxe3 24. fxe3 Qg5 25. Qxe6+ Kh8 26. 0-0 Bc5 27. Bd4 Rae8 28. Qf5 Bxd4 29. exd4 Qe3+ 30. Kh1 Qd2 31. d5 Re2 32. Rcd1 Qb2 33. Qf3 Rc2 34. d6 Qc3 35. Nb4 Rb2 36. d7 Qc7 37. Qc6 1-0

[Event "Osijek op 12th"]
[Site "Osijek"]
[Date "2019.02.24"]
[Round "7.6"]
[White "Trbojevic, Mladen"]
[Black "Gavran, Marinko"]
[Result "1-0"]
[WhiteElo "2354"]
[BlackElo "2030"]
[PlyCount "69"]
[EventDate "2019.02.21"]
[EventType "swiss"]
[EventRounds "7"]
[EventCountry "CRO"]
[SourceTitle "EXT 2023"]
[Source "ChessBase"]
[SourceDate "2022.10.05"]
[SourceVersion "1"]
[SourceVersionDate "2022.10.05"]
[SourceQuality "1"]

1. g3 d5 2. Bg2 e5 3. d3 Nf6 4. Nf3 Bd6 5. 0-0 Nc6 6. c4 0-0 7. cxd5 Nxd5 8. Nc3 Nxc3 9. bxc3 b6 10. d4 Rb8 11. Ng5 Ne7 12. Qc2 Ng6 13. h4 h6 14. h5 hxg5 15. hxg6 Qf6 16. gxf7+ Rxf7 17. Bd5 Bh3 18. Bxf7+ Qxf7 19. Re1 Rf8 20. Be3 Qh5 21. Qb3+ Kh8 22. Qd5 exd4 23. cxd4 Rf5 24. Qe4 Qf7 25. g4 Rf6 26. Qh1 Rh6 27. Qa8+ Kh7 28. Qe4+ Kh8 29. Bxg5 Bh2+ 30. Kh1 Qxf2 31. Qf3 Bg2+ 32. Qxg2 Bf4+ 33. Bxh6 Qh4+ 34. Kg1 gxh6 35. e4 1-0

[Event "CRO-ch U19"]
[Site "Vinkovci"]
[Date "2016.07.26"]
[Round "3"]
[White "Gavran, Marinko"]
[Black "Hrenic, Dario"]
[Result "1-0"]
[WhiteElo "1977"]
[BlackElo "1562"]
[PlyCount "47"]
[EventDate "2016.07.25"]
[EventType "swiss"]
[EventRounds "9"]
[EventCountry "CRO"]
[SourceTitle "CBM 173 Extra"]
[Source "ChessBase"]
[SourceDate "2016.08.29"]
[SourceVersion "1"]
[SourceVersionDate "2016.08.29"]
[SourceQuality "1"]

1. d4 Nf6 2. Nf3 e6 3. c4 d5 4. Bg5 Be7 5. Nc3 0-0 6. e3 c6 7. Bd3 h6 8. Bh4 Nbd7 9. 0-0 Nh7 10. Bxe7 Qxe7 11. Rc1 b6 12. Ne2 Bb7 13. a3 e5 14. dxe5 Nxe5 15. Nxe5 Qxe5 16. cxd5 cxd5 17. Nd4 f5 18. Qc2 Rac8 19. Qa4 a6 20. Qd7 Rb8 21. Rc7 Bc8 22. Qc6 f4 23. Nf3 Qxb2 24. Qg6 1-0

[Event "CRO-ch U19"]
[Site "Vinkovci"]
[Date "2016.07.26"]
[Round "2"]
[White "Matanovic, Pavo"]
[Black "Gavran, Marinko"]
[Result "0-1"]
[WhiteElo "1768"]
[BlackElo "1977"]
[PlyCount "118"]
[EventDate "2016.07.25"]
[EventType "swiss"]
[EventRounds "9"]
[EventCountry "CRO"]
[SourceTitle "CBM 173 Extra"]
[Source "ChessBase"]
[SourceDate "2016.08.29"]
[SourceVersion "1"]
[SourceVersionDate "2016.08.29"]
[SourceQuality "1"]

1. e4 d5 2. exd5 Nf6 3. Bb5+ Bd7 4. Be2 Nxd5 5. d4 e6 6. c4 Nf6 7. Nf3 c5 8. 0-0 Be7 9. Nc3 0-0 10. a3 Bc6 11. dxc5 Bxc5 12. b4 Bd6 13. c5 Be7 14. b5 Bd5 15. Be3 Qc7 16. Na4 Ng4 17. b6 axb6 18. cxb6 Qc6 19. Nd4 Nxe3 20. Nxc6 Nxd1 21. Nxe7+ Kh8 22. Nxd5 Rxa4 23. Bxd1 Ra6 24. Nb4 Rxb6 25. Bf3 Nd7 26. Rfc1 Ne5 27. Be2 Ra8 28. f4 Nd7 29. Bf3 Nf6 30. Rc4 g6 31. a4 Kg7 32. Kf2 Rd8 33. Ke2 h6 34. h4 Rbd6 35. Bxb7 Rd2+ 36. Ke1 Rb2 37. a5 Nd5 38. Nc6 Rd7 39. a6 Rxg2 40. Rcc1 Nxf4 41. Nd4 Nd3+ 42. Kf1 Rf2+ 43. Kg1 Rxd4 44. Rf1 Rg4+ 45. Kh1 Rxh4+ 46. Kg1 Rg4+ 47. Kh1 Rxf1+ 48. Rxf1 Ra4 49. Rb1 Nc5 50. Rb6 g5 51. Bc8 g4 52. Rc6 Ra5 53. a7 Na4 54. Rc7 Kf6 55. Bd7 Nb6 56. Be8 h5 57. Rxf7+ Kg5 58. Rh7 Kh4 59. Bf7 Kg3 0-1